00675nam a2200193Ia 4500008004100000020002200041041000800063082001600071100001800087245003100105260004100136300001600177365001200193650002100205650001200226906003500238999001900273952018900292210719s2020 xx 000 0 und d a978-81-219-3210-3 aeng a591.51 AGAA aAGARWAL (V K) aAnimal behaviour: ethology aNew DelhibS. Chand & Co. Ltd.c2020 avii,400bPB b325cRs aAnimal Behaviour aZoology aAnimal ; behaviour: ; ethology c212018d212018 001040708ZoologyaALbALd2021-03-15eSapna Book House Pvt Ltd, K S Rao Road, Mangalore | General Annualg325.00l0o591.51 AGAAp074832r2021-07-19 00:00:00v260.00w2021-07-19yBK